Pharmacometrics : the science of quantitative pharmacology

Αποθηκεύτηκε σε:
Λεπτομέρειες βιβλιογραφικής εγγραφής
Άλλοι συγγραφείς: Ette, Ene I. (Επιμελητής έκδοσης), Williams, Paul J. (Επιμελητής έκδοσης)
Μορφή: Βιβλίο
Γλώσσα:English
Δημοσίευση: Hoboken, N.J. : Wiley-Interscience, c2007.
Θέματα:
Ετικέτες: Προσθήκη ετικέτας
Δεν υπάρχουν, Καταχωρήστε ετικέτα πρώτοι!

MARC

LEADER 00000cam a2200000 i 4500
001 1/61737
008 071105s2007 gw ||| | eng||
020 |a 9780471677833 
035 |l 10092069 
040 |a GR-MyUA  |b gre  |e AACR2 
041 0 |a eng 
082 0 |a 615.1   |2 (22) 
245 1 0 |a Pharmacometrics :   |b the science of quantitative pharmacology /   |c edited by Ene I. Ette, Paul J. Williams.  
260 |a Hoboken, N.J. :   |b Wiley-Interscience,   |c c2007.  
300 |a xix, 1205 σ. :   |b εικ. ;   |c 26 εκ.  
504 |a Περιλαμβάνει βιβλιογραφικές παραπομπές και ευρετήριο.  
650 0 0 |a Pharmacology. 
650 0 0 |a Pharmacokinetics. 
650 0 0 |a Pharmaceutical chemistry  |x methods. 
650 0 0 |a Drug Evaluation  |x methods. 
650 0 0 |a Models, Theoretical. 
650 0 0 |a Pharmacoepidemiology  |x methods. 
650 0 0 |a Technology, Pharmaceutical  |x methods. 
700 1 |a Ette, Ene I.  |e edt 
700 1 |a Williams, Paul J.  |e edt 
852 |a INST  |b SAMOS  |e 20071105  |h 615.1 PHA  |p 005300027915  |q 005300027915  |t BK  |y 0 
901 |a BIBL3-2007-3 
909 |a Σ  |b 140085 
922 |a 3ΕΛΗ  |b 200710  |c ΕΠΕΑΕΚ2/ΤΣΑΕ  |d ΠΑΠΑΣΩΤΗΡΙΟΥ 
970 |a ΡΟΥΣΣΟΥ  |b ΚΩΝΣΤΑΝΤΙΝΑ  |z 2007/11/05